| 000 -LEADER |
| fixed length control field |
00710nam a22001337a 4500 |
| 040 ## - CATALOGING SOURCE |
| Transcribing agency |
RUA |
| 082 ## - DEWEY DECIMAL CLASSIFICATION NUMBER |
| Classification number |
AGR OUC 2009 BO43 Or.1 |
| 100 ## - MAIN ENTRY--AUTHOR NAME |
| Personal name |
OUCH, CHANRITH |
| 245 ## - TITLE STATEMENT |
| Title |
Comparative of organic fertilizer on cucummber (Cucumis sativus) at crop station in royal university of agriculture ប្រៀបធៀបជីធម្មជាតិនៅលើដំណាំត្រសក់ នៅក្នុងស្ថានីយ៍ដំណាំ សាកលវិទ្យាល័យភូមិនធកសិកម្ម. |
| 260 ## - PUBLICATION, DISTRIBUTION, ETC. (IMPRINT) |
| Place of publication |
phnom phen |
| Name of publisher |
RUA |
| Year of publication |
2009 |
| 300 ## - PHYSICAL DESCRIPTION |
| Number of Pages |
X,41P. |
| Other physical details |
ILL. |
| Dimensions |
29CM. |
| 856 ## - ELECTRONIC LOCATION AND ACCESS |
| Uniform Resource Identifier |
https://drive.google.com/file/d/163tThdo0UodLPmagsLksuXZYPNuemO8q/view?usp=sharing |
| 942 ## - ADDED ENTRY ELEMENTS (KOHA) |
| Koha item type |
AGR |
| 952 ## - LOCATION AND ITEM INFORMATION (KOHA) |
| Withdrawn status [LOCAL, KOHA] |
0 |
| 952 ## - LOCATION AND ITEM INFORMATION (KOHA) |
| Withdrawn status [LOCAL, KOHA] |
0 |